00712nam a2200241 a 4500001001300000003000900013005001700022008004100039020001000080082001600090100003200106245003700138260004500175300000900220500003500229505000800264650002000272700003200292902000800324942000700332952011600339999001500455nice12345678IN_TiNIC20260116011905.0050524s1885 lona grp 000 0 eng  ac10000a922.97bGRA aGraham Lieut-Colonel, G F I aLife and Work of Syed Ahmed Khan aLondonbWilliam Blackwood and Sonsc1885 a412p aincludes index and biblioraphy2 aApp aSyed Ahmad Khan1 aGraham Lieut-Colonel, G F I bSRS cBK 001040708StackRoom-aHMIbHMId2007-06-06g100.00l0o922.97 GRAp05991r2007-06-06v100.00w2005-05-24yBK c4734d4734